<?xml version="1.0" encoding="UTF-8"?>
<collection xmlns="http://www.loc.gov/MARC21/slim">
 <record>
  <leader>01982nam a2200349 a 4500</leader>
  <controlfield tag="001">17398</controlfield>
  <controlfield tag="003">BD-DhAAL</controlfield>
  <controlfield tag="008">100103r20082002nyua     b    001 0 eng d</controlfield>
  <datafield tag="010" ind1=" " ind2=" ">
   <subfield code="a">  2001030613</subfield>
  </datafield>
  <datafield tag="020" ind1=" " ind2=" ">
   <subfield code="a">9780070601857</subfield>
  </datafield>
  <datafield tag="020" ind1=" " ind2=" ">
   <subfield code="a">0070601852</subfield>
  </datafield>
  <datafield tag="020" ind1=" " ind2=" ">
   <subfield code="a">0072321032 (alk. paper)</subfield>
  </datafield>
  <datafield tag="020" ind1=" " ind2=" ">
   <subfield code="a">0071122400 (International ed.)</subfield>
  </datafield>
  <datafield tag="040" ind1=" " ind2=" ">
   <subfield code="a">DLC</subfield>
   <subfield code="c">DLC</subfield>
   <subfield code="d">DLC</subfield>
   <subfield code="d">BD-DhAAL </subfield>
  </datafield>
  <datafield tag="082" ind1="0" ind2="0">
   <subfield code="a">621.3824</subfield>
   <subfield code="2">22</subfield>
  </datafield>
  <datafield tag="100" ind1="1" ind2=" ">
   <subfield code="a">Kraus, John Daniel,</subfield>
   <subfield code="d">1910-</subfield>
   <subfield code="9">57755</subfield>
  </datafield>
  <datafield tag="245" ind1="1" ind2="0">
   <subfield code="a">Antennas for all applications /</subfield>
   <subfield code="c">John D. Kraus, Ronald J. Marhefka, Ahmad S. Khan</subfield>
  </datafield>
  <datafield tag="250" ind1=" " ind2=" ">
   <subfield code="a">Third edition.</subfield>
  </datafield>
  <datafield tag="260" ind1=" " ind2=" ">
   <subfield code="a">New York ;</subfield>
   <subfield code="a">New Delhi :</subfield>
   <subfield code="b">Tata McGraw-Hill Company Limited,</subfield>
   <subfield code="c">2008 [reprinted].</subfield>
  </datafield>
  <datafield tag="300" ind1=" " ind2=" ">
   <subfield code="a">xix, 962 p. :</subfield>
   <subfield code="b">ill. ;</subfield>
   <subfield code="c">24 cm</subfield>
  </datafield>
  <datafield tag="504" ind1=" " ind2=" ">
   <subfield code="a">Includes bibliographical references and index.</subfield>
  </datafield>
  <datafield tag="526" ind1=" " ind2=" ">
   <subfield code="a">MNS</subfield>
   <subfield code="x">Mahabobe Shobahani
Faculty Member of BRAC University
Course Name : Microwave Engineering (ECE 320)</subfield>
  </datafield>
  <datafield tag="541" ind1="1" ind2=" ">
   <subfield code="e">17398, 17399, 19692</subfield>
   <subfield code="a">Essence Science Publications</subfield>
  </datafield>
  <datafield tag="650" ind1=" " ind2="0">
   <subfield code="a">Antennas (Electronics)</subfield>
   <subfield code="9">2619</subfield>
  </datafield>
  <datafield tag="700" ind1="1" ind2=" ">
   <subfield code="a">Marhefka, Ronald J.</subfield>
   <subfield code="9">2620</subfield>
  </datafield>
  <datafield tag="700" ind1="1" ind2=" ">
   <subfield code="a">Khan, Ahmad S.</subfield>
   <subfield code="9">2621</subfield>
  </datafield>
  <datafield tag="852" ind1="4" ind2=" ">
   <subfield code="a">Ayesha Abed Library </subfield>
   <subfield code="c">General Stacks</subfield>
  </datafield>
  <datafield tag="942" ind1="0" ind2="0">
   <subfield code="0">2</subfield>
   <subfield code="2">ddc</subfield>
   <subfield code="c">BK</subfield>
  </datafield>
  <datafield tag="999" ind1=" " ind2=" ">
   <subfield code="c">6607</subfield>
   <subfield code="d">6607</subfield>
  </datafield>
  <datafield tag="952" ind1=" " ind2=" ">
   <subfield code="0">0</subfield>
   <subfield code="1">0</subfield>
   <subfield code="2">ddc</subfield>
   <subfield code="4">0</subfield>
   <subfield code="6">621_382400000000000_KRA_2008</subfield>
   <subfield code="7">0</subfield>
   <subfield code="9">6752</subfield>
   <subfield code="a">BRACUL</subfield>
   <subfield code="b">BRACUL</subfield>
   <subfield code="c">GEN</subfield>
   <subfield code="d">2010-01-02</subfield>
   <subfield code="e">Trust Line International</subfield>
   <subfield code="l">2</subfield>
   <subfield code="m">45</subfield>
   <subfield code="o">621.3824 KRA</subfield>
   <subfield code="p">3010019692</subfield>
   <subfield code="r">2018-10-11</subfield>
   <subfield code="s">2018-03-01</subfield>
   <subfield code="t">3</subfield>
   <subfield code="w">2010-01-03</subfield>
   <subfield code="y">BK</subfield>
  </datafield>
  <datafield tag="952" ind1=" " ind2=" ">
   <subfield code="0">0</subfield>
   <subfield code="1">0</subfield>
   <subfield code="2">ddc</subfield>
   <subfield code="4">0</subfield>
   <subfield code="6">621_382400000000000_KRA_2008</subfield>
   <subfield code="7">0</subfield>
   <subfield code="9">10858</subfield>
   <subfield code="a">BRACUL</subfield>
   <subfield code="b">BRACUL</subfield>
   <subfield code="c">GEN</subfield>
   <subfield code="d">2010-06-10</subfield>
   <subfield code="e">Essence Science Publications</subfield>
   <subfield code="g">563.00</subfield>
   <subfield code="l">3</subfield>
   <subfield code="m">28</subfield>
   <subfield code="o">621.3824 KRA</subfield>
   <subfield code="p">3010017399</subfield>
   <subfield code="r">2017-04-18</subfield>
   <subfield code="s">2017-04-13</subfield>
   <subfield code="t">2</subfield>
   <subfield code="w">2010-06-10</subfield>
   <subfield code="y">BK</subfield>
   <subfield code="x">Requisitioned by Mahabobe Shobahani for the course named- &quot;Microwave Engineering (ECE 320)&quot;.</subfield>
  </datafield>
  <datafield tag="952" ind1=" " ind2=" ">
   <subfield code="0">0</subfield>
   <subfield code="1">0</subfield>
   <subfield code="2">ddc</subfield>
   <subfield code="4">0</subfield>
   <subfield code="6">621_382400000000000_KRA_2008</subfield>
   <subfield code="7">0</subfield>
   <subfield code="9">10933</subfield>
   <subfield code="a">BRACUL</subfield>
   <subfield code="b">BRACUL</subfield>
   <subfield code="c">GEN</subfield>
   <subfield code="d">2010-06-14</subfield>
   <subfield code="e">Essence Science Publications</subfield>
   <subfield code="g">563.00</subfield>
   <subfield code="l">2</subfield>
   <subfield code="m">13</subfield>
   <subfield code="o">621.3824 KRA</subfield>
   <subfield code="p">3010017398</subfield>
   <subfield code="r">2019-09-15</subfield>
   <subfield code="s">2019-08-19</subfield>
   <subfield code="t">1</subfield>
   <subfield code="w">2010-06-14</subfield>
   <subfield code="y">BK</subfield>
   <subfield code="x">Requisitioned by Mahabobe Shobahani for the course named- &quot;Microwave Engineering (ECE 320)&quot;.</subfield>
  </datafield>
 </record>
</collection>
